|
|
|
|
| LEADER |
00000cam a22000004a 4500 |
| 001 |
musev2_13715 |
| 003 |
MdBmJHUP |
| 005 |
20230905041518.0 |
| 006 |
m o d |
| 007 |
cr||||||||nn|n |
| 008 |
120418r20122012si o 00 0 eng d |
| 020 |
|
|
|a 9789971696214
|
| 020 |
|
|
|z 9789971695064
|
| 035 |
|
|
|a (OCoLC)809317356
|
| 040 |
|
|
|a MdBmJHUP
|c MdBmJHUP
|
| 043 |
|
|
|a as-----
|
| 050 |
|
4 |
|a DS525
|b .C668 2012
|
| 082 |
0 |
|
|a 959
|2 23
|
| 245 |
0 |
0 |
|a Contestations of Memory in Southeast Asia /
|c edited by Roxana Waterson and Kwok Kian-Woon.
|
| 264 |
|
1 |
|a Singapore :
|b NUS Press,
|c 2012
|
| 264 |
|
3 |
|a Baltimore, Md. :
|b Project MUSE,
|c 2012
|
| 264 |
|
4 |
|c ©2012
|
| 300 |
|
|
|a 1 online resource (312 pages):
|b digital file.
|
| 336 |
|
|
|a text
|b txt
|2 rdacontent
|
| 337 |
|
|
|a computer
|b c
|2 rdamedia
|
| 338 |
|
|
|a online resource
|b cr
|2 rdacarrier
|
| 500 |
|
|
|a Issued as part of book collections on Project MUSE.
|
| 504 |
|
|
|a Includes bibliographical references and index.
|
| 505 |
0 |
|
|a Introduction -- Southeast Asia within the Field of Memory Studies -- Nationalism and the construction of destinies -- Traumatic memories : Interpretations of collective and personal experience -- Contributors -- Index.
|
| 506 |
|
|
|a Access restricted to authorized users and institutions.
|
| 588 |
|
|
|a Description based on print version record.
|
| 650 |
|
0 |
|a Nationalism and collective memory
|z Southeast Asia.
|
| 650 |
|
0 |
|a Collective memory
|z Southeast Asia.
|
| 651 |
|
0 |
|a Southeast Asia
|x History.
|
| 655 |
|
7 |
|a Electronic books.
|2 local
|
| 700 |
1 |
|
|a Kwok, Kian Woon.
|
| 700 |
1 |
|
|a Waterson, Roxana.
|
| 710 |
2 |
|
|a Project Muse.
|
| 776 |
1 |
8 |
|i Print version:
|z 9971695065
|z 9789971695064
|
| 710 |
2 |
|
|a Project Muse.
|e distributor
|
| 830 |
|
0 |
|a Book collections on Project MUSE.
|
| 856 |
4 |
0 |
|z Texto completo
|u https://projectmuse.uam.elogim.com/book/13715/
|
| 945 |
|
|
|a Project MUSE - Custom Collection
|
| 945 |
|
|
|a Project MUSE - 2012 Complete
|
| 945 |
|
|
|a Project MUSE - 2012 History
|